000 00633 a2200205 4500
005 20241218141921.0
010 _aENG-143076
020 _c300.00
035 _aEN-126608
037 _bDBAD
082 _a808.88
100 _aNavaratna Book House
_975383
245 _aMathematics Dictionary:
_bEnglish-English/
_cby Navaratna Book House
260 _aVijayawada
_bNavaratna Book House
_c2023
270 _a# 28-22-20, Rahiman Street, Arundel Pet,
_bVijayawada
_e520002
300 _a232p.
_c22cm.(pbk)
500 _aFor High Scholl & College Students
700 _99757
942 _adpl
_cEN
_2ddc
_mMAT
_h510.3
999 _c207804
_d207804